000
00326nam a22001457a 4500
003
SGT
020
_a
97815-43342-74-1
082
_a
615.19
_b
P19A
100
_a
ARORA, VARUN
245
_a
PHARMACEUTICAL ORGANIC CHEMISTRY
260
_a
JALANDHAR
_b
S.VIKASH
_c
2019
300
_a
396
650
_a
PHARMACY
942
_2
ddc
_c
BK
_0
17
999
_c
17351
_d
17351